| 000 | 00883nas a2200289 4500 | ||
|---|---|---|---|
| 001 | BR2017000012 | ||
| 003 | BR-BrBNA | ||
| 005 | 20231205130805.0 | ||
| 007 | ta | ||
| 008 | 230509b bl.|||p| |||| 00| 00por d | ||
| 040 |
_aBR-BrBNA _bpor _cBiblioteca Nacional de Agricultura |
||
| 041 | _a(En) | ||
| 072 | _aL40 | ||
| 100 | 1 | _aOcampo, C.L. | |
| 100 | 1 | _aGómez-Verduzco, G. | |
| 100 | 1 | _aTapia-Perez, G. | |
| 100 | 1 | _aGutierrez, O.L. | |
| 100 | 1 | _aSumano, L.H. | |
| 245 | 1 | _aEffects of Glycyrrhizic acid on productive and immune parameters of broilers | |
| 650 | _aFRANGO DE CORTE | ||
| 650 | _aCRESCIMENTO | ||
| 650 | _aMORFOLOGIA ANIMAL | ||
| 650 | _aBIOQUÍMICA | ||
| 773 | 0 |
_tBrazilian Journal of Poultry Science (Brazil) _xISSN 1516-635X _g(Jul-Sep 2016), v. 18(3) p. 435-442 _wBR2017000012 |
|
| 909 |
_a202311 _bLúcia _c55 _dLúcia Elande |
||
| 942 |
_2AGRIS _n0 _cANA |
||
| 999 |
_c251270 _d251270 |
||